000 00655nam a2200265Ia 4500
005 20260121171523.0
008 008 260114s9999 xx 000 0 eng d
020 _a9783658277703
037 _aEBOOK
040 _aCRL
040 _beng
040 _cCRL
041 _2eng
041 _aeng
084 _qCRL
100 _aHeinrich Wilhelm Schäfer
_91077231
245 0 _aHabitusAnalysis 2 – Praxeology and Meaning
260 _bSpringer
260 _bSpringer
260 _c2020
856 _uhttps://link.springer.com/openurl?genre=book&isbn=978-3-658-27770-3
942 _cEBOOK
999 _c1642961
_d1642961